Przewodnik po Archiwum Uniwersytetu Jagiellońskiego

Bibliographic Details
Corporate Author: Uniwersytet Jagielloński w Krakowie. Archiwum (Author)
Other Authors: Petrowska, Urszula (upr)
Format: Book
Language:Polish
PhysicalDescription:38 s., 20 fareb. obr. na príl. 24 cm
Published: Kraków Archiwum Uniwersytetu Jagiellońskiego 1998
ISBN:8390933616
Series:Z prac Archiwum Uniwersytetu Jagiellońskiego. Seria A
Subjects:

MARC

LEADER 00000nam a2200000 a 4500
001 vtls001374739
003 SK-MaSNL
005 20260302000608.0
008 251113s1998 PL a r 0 pol
020 |a 8390933616  |c [50,00] 
035 |a SNK000328628 
040 |a SNK  |b slo  |c SNK  |e AACR2 
044 |a PL 
080 |a 378.4:(438-21)(036)  |2 1981 
110 0 |a Uniwersytet Jagielloński w Krakowie.  |b Archiwum  |4 aut  |9 34783 
245 1 |a Przewodnik po Archiwum Uniwersytetu Jagiellońskiego  |c redaktor Urszula Perkowska 
260 |a Kraków  |b Archiwum Uniwersytetu Jagiellońskiego  |c 1998 
300 |a 38 s., 20 fareb. obr. na príl.  |c 24 cm 
490 1 |a Z prac Archiwum Uniwersytetu Jagiellońskiego. Seria A  |v t. 1 
610 2 7 |a Universytet Jagielloński w Krakowie.  |e Archivum  |a Krakow, Poľsko  |x dokumentácia  |x prehľady  |2 SNK  |9 635378 
611 1 7 |a Universytet Jagielloński w Krakowie.  |e Archivum  |a Krakow, Poľsko  |x dokumentácia  |x prehľady  |2 SNK  |9 635379 
700 1 |a Petrowska, Urszula  |4 upr  |9 635380 
830 0 |a Z prac Archiwum Uniwersytetu Jagiellońskiego. Seria A  |9 635381 
919 |a 83-909336-1-6 
999 |c 980259  |d 982189 
952 |t P60, <04>, [BOOK], {604}  |a SNK  |b SNK  |y VYP  |7 0  |p 17A0222102  |o snkIC 128256  |i snkV 1734/99  |0 0  |1 0  |4 0  |d 1999-12-14  |l 0  |r 2005-01-02 00:00:00  |w 2026-02-24